| Tag |
First Indicator |
Second Indicator |
Subfields |
| LEADER |
00000cam a2200000 a 4500 |
| 001 |
in00002739034 |
| 008 |
110223s2011 nyu c 000 1 eng |
| 005 |
20240705222754.9 |
| 010 |
|
|
|a 2011005228
|
| 020 |
|
|
|a 9780525423041 (hardcover)
|
| 020 |
|
|
|a 0525423044 (hardcover)
|
| 029 |
1 |
|
|a NZ1
|b 13955198
|
| 029 |
1 |
|
|a AU@
|b 000046859435
|
| 035 |
|
|
|a (OCoLC)ocn682892660
|
| 035 |
|
|
|a (OCoLC)682892660
|
| 040 |
|
|
|a DLC
|b eng
|c DLC
|d IG#
|d BTCTA
|d FMG
|d ON8
|d IK2
|d VP@
|d YDXCP
|d EHH
|d UIU
|d BDX
|d UtOrBLW
|
| 042 |
|
|
|a lcac
|a pcc
|
| 049 |
|
|
|a TXAM
|
| 050 |
0 |
0 |
|a PZ7.W8338
|b Fin 2011
|
| 082 |
0 |
0 |
|a [Fic]
|2 22
|
| 100 |
1 |
|
|a Wolitzer, Meg.
|
| 245 |
1 |
4 |
|a The fingertips of Duncan Dorfman /
|c Meg Wolitzer.
|
| 250 |
|
|
|a 1st ed.
|
| 264 |
|
1 |
|a New York :
|b Dutton Children's Books,
|c [2011]
|
| 264 |
|
4 |
|c ©2011
|
| 300 |
|
|
|a 294 pages ;
|c 22 cm.
|
| 336 |
|
|
|a text
|b txt
|2 rdacontent
|
| 337 |
|
|
|a unmediated
|b n
|2 rdamedia
|
| 338 |
|
|
|a volume
|b nc
|2 rdacarrier
|
| 520 |
|
|
|a Twelve-year-olds Duncan Dorfman, April Blunt, and Nate Saviano meet at the Youth Scrabble Tournament where, although each has a different reason for attending and for needing to win, they realize that something more important is at stake than the grand prize.
|
| 586 |
|
|
|a American Library Association Notable Children's Bk
|
| 650 |
|
1 |
|a Interpersonal relations
|v Fiction.
|
| 650 |
|
1 |
|a Individuality
|v Fiction.
|
| 650 |
|
1 |
|a Ability
|v Fiction.
|
| 650 |
|
1 |
|a Scrabble (Game)
|v Fiction.
|
| 650 |
|
1 |
|a Contests
|v Fiction.
|
| 650 |
|
0 |
|a Interpersonal relations
|v Juvenile fiction.
|
| 650 |
|
0 |
|a Individuality
|v Juvenile fiction.
|
| 650 |
|
0 |
|a Ability
|v Juvenile fiction.
|
| 650 |
|
0 |
|a Scrabble (Game)
|v Juvenile fiction.
|
| 650 |
|
0 |
|a Contests
|v Juvenile fiction.
|
| 938 |
|
|
|a Ingram
|b INGR
|n 9780525423041
|
| 938 |
|
|
|a Baker and Taylor
|b BTCP
|n BK0009429787
|
| 938 |
|
|
|a YBP Library Services
|b YANK
|n 7142962
|
| 938 |
|
|
|a Brodart
|b BROD
|n 12883093
|c $16.99
|
| 945 |
|
|
|a PromptCat
|b 785345
|
| 946 |
|
|
|a curr
|
| 947 |
|
|
|a A14840524122
|
| 948 |
|
|
|a Cataloged
|b h
|c 2012/3/7
|d c
|e rsmith
|
| 994 |
|
|
|a 92
|b TXA
|
| 999 |
|
|
|a MARS
|
| 999 |
f |
f |
|s bdda040d-a12f-3d4d-89e3-9047d4f312de
|i c0830bd0-4eb6-3c10-b0a4-38ece05e6c80
|t 0
|
| 952 |
f |
f |
|p normal
|a Texas A&M University
|b College Station
|c Sterling C. Evans Library
|d Evans: Curriculum Collection (4th floor)
|t 0
|e PZ7.W8338 Fin 2011
|h Library of Congress classification
|i unmediated -- volume
|m A14840524122
|
| 998 |
f |
f |
|a PZ7.W8338 Fin 2011
|t 0
|l Evans: Curriculum Collection (4th floor)
|